| 000 | 01632nam a2200505 i 4500 | ||
|---|---|---|---|
| 001 | 50810 | ||
| 003 | KOSZ 005 | ||
| 005 | 20220511125259.0 | ||
| 008 | 050705s2005 pl a |000 0 pol | ||
| 015 | _aUWD 2005/12730 | ||
| 020 | _a830209093X | ||
| 035 | _a991027457869705066 | ||
| 035 | _a(PL-WaBN)b17445073-48omnis_nlop | ||
| 035 | _ab17445073 | ||
| 035 | _a(OCoLC)749682850 | ||
| 035 | _azz2005866921 | ||
| 035 | _a(PL)b0000001744507 | ||
| 035 | _a(EXLNZ-48OMNIS_NETWORK)9910104266105606 | ||
| 040 |
_aWA N _cWA N _dKOSZ 005/HR |
||
| 041 | 0 | _apol | |
| 046 | _k2004 | ||
| 080 | _a37.091.26/.27 | ||
| 100 | 1 |
_aSzaleniec, Henryk _eAutor |
|
| 245 | 1 | 0 |
_aJak komunikować uczniom wyniki egzaminów / _cHenryk Szaleniec. |
| 250 | _aWyd. 2. | ||
| 260 |
_aWarszawa : _bWydawnictwa Szkolne i Pedagogiczne, _c[2005]. |
||
| 300 |
_a40 s. : _bwykr. ; _c21 cm. |
||
| 336 |
_aTekst _btxt _2rdacontent |
||
| 337 |
_aBez urządzenia pośredniczącego _bn _2rdamedia |
||
| 338 |
_aWolumin _bnc _2rdacarrier |
||
| 380 | _aKsiążki | ||
| 380 | _aPublikacje fachowe | ||
| 388 | _a2001- | ||
| 490 | 1 | _aBiblioteczka Dobrego Nauczyciela | |
| 504 | _aBibliogr. s. 39-40. | ||
| 650 | 7 |
_aEgzaminy szkolne _2DBN |
|
| 650 | 7 |
_aOceny szkolne _2DBN |
|
| 655 | 7 |
_aPoradnik _2DBN |
|
| 658 | _aEdukacja i pedagogika | ||
| 710 | 2 |
_aWydawnictwa Szkolne i Pedagogiczne _4pbl |
|
| 830 | 0 | _aBiblioteczka Dobrego Nauczyciela | |
| 856 |
_uhttp://koha.tu.koszalin.pl/cgi-bin/koha/opac-detail.pl?biblionumber=50810 _yKatalog online BPK |
||
| 942 |
_2UKD _cKS |
||
| 999 |
_c50810 _d50810 |
||